| 000 | 00930cam a2200217 4500 | ||
|---|---|---|---|
| 001 | WB@3612-417 | ||
| 008 | 040728n2004 000 0 eng u | ||
| 035 | _a(Sirsi) u126955 | ||
| 245 | _aMortgage-lending strong | ||
| 260 | _c2004 | ||
| 490 |
_aBritish Bankers Association Press Release _v27 July 2004 (2) |
||
| 520 | _aGross mortgage lending in June 2004 totalled nearly £18.0bn. This was £2.4bn higher than in May 2004 and 20% more than June 2003. These are the highest figures on record. Approval numbers in June were also stronger than May - there were 230 300 loans approved, with a total value of £18.9bn. The average amount people borrowed was £118 100. http://www.bba.org.uk/bba/jsp/polopoly.jsp?d=145&a =4251 | ||
| 590 | _aWB | ||
| 590 | _aWB | ||
| 650 | _aMORTGAGE LENDING | ||
| 650 | _aSTATISTICS | ||
| 650 | _aMORTGAGE MARKET | ||
| 650 | _aREMORTGAGING | ||
| 690 | _aHOUSING-FINANCE | ||
| 942 | _n0 | ||
| 999 |
_c117781 _d117781 |
||